000
00191 a2200097 4500
001
3937
100
_a
Slater,
245
_a
Modern physics
260
_a
_b
Mcgrawhill
_c
090
_c
3167
_d
3167
942
_a
NUST-CAE
_c
M
_c
24080
999
_c
239010
_d
239010